Welcome to the Holygrace Academy Library

Please use search bar below to get started

AWFUL END (Record no. 5729)

MARC details
000 -LEADER
fixed length control field 00322nam a22001457a 4500
020 ## - INTERNATIONAL STANDARD BOOK NUMBER
ISBN 0-571-20354-X
082 ## - DEWEY DECIMAL CLASSIFICATION NUMBER
Classification number 823
Item number ARD/A
100 ## - MAIN ENTRY--AUTHOR NAME
Personal name ARDAGH, PHILIP
245 ## - TITLE STATEMENT
Title AWFUL END
260 ## - PUBLICATION, DISTRIBUTION, ETC. (IMPRINT)
Place of publication LONDON
Name of publisher FABER AND FABER LIMITED
Year of publication 2000
300 ## - PHYSICAL DESCRIPTION
Number of Pages 129
520 ## - SUMMARY, ETC.
Summary, etc CHILDRENS NOVEL
650 ## - SUBJECT ADDED ENTRY--TOPICAL TERM
Topical Term ENGLISH NOVEL
942 ## - ADDED ENTRY ELEMENTS (KOHA)
Koha item type Books
Holdings
Withdrawn status Lost status Collection code Home library Current library Shelving location Date acquired Source of acquisition Full call number Accession Number Koha item type
    Fiction Main Library Main Library SHELF 15-I-CHILDREN'S STORYBOOKS 21/03/2014 Purchase 823 ARD/A 08069 Books